The adventures of Jonathan Gukible Aforce Market Odyssey (Record no. 2452)

MARC details
000 -LEADER
fixed length control field 00443nam a22001697a 4500
005 - DATE AND TIME OF LATEST TRANSACTION
control field 20160613094234.0
008 - FIXED-LENGTH DATA ELEMENTS--GENERAL INFORMATION
fixed length control field 160613b xxu||||| |||| 00| 0 eng d
020 ## - INTERNATIONAL STANDARD BOOK NUMBER
ISBN 9788171884445
041 ## - LANGUAGE CODE
Language code of text/sound track or separate title eng
082 ## - DEWEY DECIMAL CLASSIFICATION NUMBER
Item number 7023
100 ## - MAIN ENTRY--AUTHOR NAME
Personal name Schoolland, Ken
245 ## - TITLE STATEMENT
Title The adventures of Jonathan Gukible Aforce Market Odyssey
260 ## - PUBLICATION, DISTRIBUTION, ETC. (IMPRINT)
Place of publication New Delhi
Name of publisher Academic Foundation,
Year of publication 1988
300 ## - PHYSICAL DESCRIPTION
Number of Pages 246
650 ## - SUBJECT ADDED ENTRY--TOPICAL TERM
Topical Term Management
942 ## - ADDED ENTRY ELEMENTS (KOHA)
Koha item type Books
Holdings
Lost status Damaged status Collection code Home library Current library Shelving location Date acquired Cost, normal purchase price Full call number Accession Number Koha item type
    LIFE SKILL JRU Library JRU Library SHELF-102-J 13/06/2016 295.00 813 7023 Books
    LIFE SKILL JRU Library JRU Library SHELF-102-J 13/06/2016 295.00 813 7024 Books
    LIFE SKILL JRU Library JRU Library SHELF-102-J 13/06/2016 295.00 813 7025 Books
    LIFE SKILL JRU Library JRU Library SHELF-102-J 13/06/2016 295.00 813 7026 Books